000 00984cam a22002411i 4500
003 SA-RiAUC
005 20260420123157.0
008 260419s2003 su g f f000r0 ara c
040 _aSA-JeALM
_bara
_cSA-RiAUC
_erda
050 4 _b.D35 1999
082 0 4 _a252.5
090 _a252.5
_bد ل ي
245 0 0 _aدليل الحاج والمعتمر وزائر مسجد الرسول صلى الله عليه وسلم /
_cمجموعة من العلماء.
264 1 _aجدة. السعودية :
_bمؤسسة عكاظ للصحافة والنشر،
_c2003
300 _a76 صفحة ؛
_c14 سم.
336 _aنص
_btxt
_2rdacontent
_3كتاب
337 _aبدون وسيط
_bn
_2rdamedia
610 2 7 _aالمسجد النبوي الشريف
_2aucnm
650 7 _aالحج (فقه إسلامي)
_vكتب إرشادية
_2aucsh
650 7 _aالعمرة (فقه إسلامي)
_vكتب إرشادية
_2aucsh
942 _2ddc
_cBOOK
_n0
949 _aSA-JeALM
_d260419
_uosman123
_n1
999 _c14855
_d14855